|
|
|
|
| LEADER |
02644nam a2200613 a 4500 |
| 001 |
nkc20102091828 |
| 003 |
CZ PrNK |
| 005 |
20100922141629.0 |
| 007 |
ta |
| 008 |
100322s2010 xr a f m 000 0 cze |
| 015 |
|
|
|a cnb002091828
|
| 020 |
|
|
|a 978-80-248-2193-1
|q (brož.) :
|c neprodejné
|
| 035 |
|
|
|a (OCoLC)670478434
|
| 040 |
|
|
|a OLA001
|b cze
|d BOA001
|
| 041 |
0 |
|
|a cze
|b eng
|
| 072 |
|
7 |
|a 621
|x Strojírenství
|2 Konspekt
|9 19
|
| 080 |
|
|
|a 621.77+621.98
|2 MRF
|
| 080 |
|
|
|a 669.715
|2 MRF
|
| 080 |
|
|
|a 539.37/.38
|2 MRF
|
| 080 |
|
|
|a 519.86/.87
|2 MRF
|
| 080 |
|
|
|a (043.3)378.245
|2 MRF
|
| 080 |
|
|
|a (048.3)
|2 MRF
|
| 100 |
1 |
|
|a Klos, Marcel,
|d 1980-
|7 ola2010592055
|4 dis
|
| 245 |
1 |
0 |
|a Zvýšení efektivity procesu vícenásobné plastické deformace : autoreferát doktoranské [sic] disertační práce /
|c Marcel Klos
|
| 246 |
1 |
|
|i Souběžný anglický název na obálce:
|a Increase of efficiency on the process multiple plastics deformation
|
| 250 |
|
|
|a 1. vyd.
|
| 260 |
|
|
|a Ostrava :
|b VŠB - Technická univerzita Ostrava,
|c 2010
|
| 300 |
|
|
|a 50 s. :
|b il. ;
|c 21 cm
|
| 490 |
1 |
|
|a Vědecké spisy Fakulty strojní. Autoreferáty disertačních prací ;
|v sv. 157
|
| 500 |
|
|
|a "Studijní obor: 2303V002 Strojírenská technologie"
|
| 500 |
|
|
|a Autoreferát disertační práce (Ph.D.)--Vysoká škola báňská - Technická univerzita Ostrava, Fakulta strojní, katedra mechanické technologie, 2010
|
| 500 |
|
|
|a 50 výt.
|
| 504 |
|
|
|a Obsahuje bibliografie
|
| 546 |
|
|
|a Anglické resumé
|
| 650 |
0 |
7 |
|a tváření kovů
|7 ph228458
|2 czenas
|
| 650 |
0 |
7 |
|a slitiny hliníku
|7 ph162641
|2 czenas
|
| 650 |
0 |
7 |
|a deformace
|7 ph119357
|2 czenas
|
| 650 |
0 |
7 |
|a modelování a simulace
|7 ph125543
|2 czenas
|
| 650 |
0 |
9 |
|a metal forming
|2 eczenas
|
| 650 |
0 |
9 |
|a aluminium alloys
|2 eczenas
|
| 650 |
0 |
9 |
|a deformations (mechanics)
|2 eczenas
|
| 650 |
0 |
9 |
|a modeling and simulation
|2 eczenas
|
| 655 |
|
7 |
|a doktorské disertace
|7 fd186751
|2 czenas
|
| 655 |
|
7 |
|a autoreferáty
|7 fd131857
|2 czenas
|
| 655 |
|
9 |
|a higher doctoral dissertations
|2 eczenas
|
| 655 |
|
9 |
|a autoabstracts
|2 eczenas
|
| 710 |
2 |
|
|a Vysoká škola báňská - Technická univerzita Ostrava.
|b Katedra mechanické technologie
|7 kn20020321543
|
| 810 |
2 |
|
|a Vysoká škola báňská - Technická univerzita Ostrava.
|b Strojní fakulta.
|t Vědecké spisy.
|p Autoreferáty disertačních prací
|0 s
|
| 910 |
2 |
|
|a BOA001
|b 2-1246.209
|
| 928 |
9 |
|
|a Vysoká škola báňská - Technická univerzita Ostrava
|
| 990 |
|
|
|a BK
|
| 995 |
|
|
|a 01
|
| 991 |
|
|
|b 201008
|c NOV
|e n
|
| 996 |
6 |
|
|b 2610444913
|c 2-1246.209
|l MZK
|r Sklad / do 1 hodiny
|n 1
|p p.v.
|w 001137330
|u 000010
|a 1
|e BOA001
|j MZK50
|s P
|